| 000 | 00370cam a22001097a 4500 | ||
|---|---|---|---|
| 008 | 180718b1956 xxu||||| |||| 00| 0 eng d | ||
| 082 | _aO096x54 In2a/4 | ||
| 245 |
_aSummary proceeding of the fourth meeting of the central council of health _cby Ministry of Health |
||
| 260 |
_aNew Delhi _bPresident's Press _c1956 |
||
| 300 | _av, 104p | ||
| 700 | _aIndia. Ministry of Health | ||
| 999 |
_c495400 _d495400 |
||